LEADER 01503nam a2200301 u 4500 001 000000003103 003 CaOOAMICUS 005 20070226104513.0 008 940921s1979 gw aeh u000 u ger u 020 $a3791703366 035 $a10079747 040 $aPUL(R)$bita 100 1 $aGamber, Klaus,$csac.,$d1919-1989.$0(OLS)http://pul/name/826 245 10$aEcclesia Reginensis :$bStudien zur Geschichte und Liturgie der Regensburger Kirche in Mittelalter : mit zahlreichen Abbildungen /$cKlaus Gamber. 260 $aRegensburg :$bKommissionsverlag F. Pustet,$cc1979. 300 $a285 p. :$bill. (incl. facs.) ;$c22 cm 490 1 $aStudia patristica et liturgica ;$v8 610 14$aRegensburg (diocesi).$0(OLS)http://pul/subject/2734 650 4$aLiturgia.$0(OLS)http://pul/subject/2437 651 4$aGermania$xStoria ecclesiastica$yEvo medio.$0(OLS)http://pul/subject/649 830 0$aStudia patristica et liturgica ;$v8.$0(OLS)http://pul/title/4527 850 $aPUL 852 $aPUL$W1$xDP1 Fondo Maccarrone$y58$m1520 D 33$j4110$nBK-PRI$b $qFondi$B4110$CPULBib$Z2$F4110 $H $81 941 1 $a1 961 $aINV: 5167 F. Maccarrone 996 $6020$a3791703366$9(OLS)http://pul/number/4107 996 $6245$aEcclesia Reginensis :$bStudien zur Geschichte und Liturgie der Regensburger Kirche in Mittelalter : mit zahlreichen Abbildungen$9(OLS)http://pul/title/4526 996 $6260$aRegensburg :$bKommissionsverlag F. Pustet$9(OLS)http://pul/publisher/49705 LEADER 01385nam a2200301 a 4500 001 000000175882 003 CaOOAMICUS 005 20230420165809.0 008 230420s2021 sp u000 u spa r 020 $z978-84-7240-232-9* 032 $aLibriCat 040 $aPUL$bita 082 04$a261.52 100 1 $aCarbajo Núñez, Martín,$cO.F.M.$0(OLS)http://pul/name/51008 245 10$aSer franciscano en la era digital :$blos retos de la comunicacion y de la ecologia integral /$cMartín Carbajo Núnes. 260 $aCastillo de Villamonte :$bEdiciones Franciscanas Arantzazu,$c©2020. 300 $a300 p. ;$c21 cm 504 $aBibliografia in nota. 650 4$aChiesa e società$ySec. XXI.$0(OLS)http://pul/subject/42644 650 4$aCristianesimo e media.$0(OLS)http://pul/subject/40615 850 $aPUL 852 $aPUL$W1$xSL Religione 3$y85$m261. 52 CARMA 2$j200047$qDDC 21$B204829$CPULBib$Z2$F204829 $H136186 $82 941 1 $a9 996 $6020$z978-84-7240-232-9*$9(OLS)http://pul/number/169125 996 $6082$a261.52$9(OLS)http://pul/classification/2022 996 $6245$aSer franciscano en la era digital :$blos retos de la comunicacion y de la ecologia integral$9(OLS)http://pul/title/217359 996 $6260$aCastillo de Villamonte :$bEdiciones Franciscanas Arantzazu$9(OLS)http://pul/publisher/87553